Biggest Capital Cities by land area - Statistics

General Stats
  • This quiz has been taken 23 times
  • The average score is 10 of 15
Answer Stats
Hint Answer % Correct
2,511 Moscow
100%
16,410 Beijing
92%
5,802 Brasilia
92%
3,085 Cairo
92%
2,194 Tokyo
92%
2,970 Ottawa
77%
24,521 Ankara
69%
2,672 Lima
69%
3,358 Hanoi
62%
3,194 Pyongyang
54%
4,704 Ulaanbaatar
54%
7,054 Naypyidaw
46%
2,140 Baku
23%
2,576 Dodoma
23%
5,133 Windhoek
23%
No matching quizzes found
Score Distribution
Percent of People with Each Score
Percentile by Number Answered
Your Score History
You have not taken this quiz